00810nam a2200229 a 450000100100000000500170001000800410002702000180006804000250008610000220011124500840013326000290021730000300024649000250027650400380030170000290033970000330036871000250040183000320042695201050045899900170056300004219020201002040009.0130905s2006 sp 000 0 spa d a9788447105786 aDO-SdBNPbspacBNPHU1 aBerry, Ian96920010aIan Berry /cIan Berry ;textos Alessandra Mauro ; traducción Carmen de Celis. aMadrid :bSalvat,c2006. a48 p. + 1 Lám ;c26 cm.1 aGrandes Fotógrafos aIncluye índice de fotografías1 aMauro, Alessandra9671161 aCelis, Carmen deetr.9691952 aMagnum Photos967117 0aGrandes Fotógrafos967118 001050718MOaGRbGRcCTd2013-11-19iLF1l0o p42190-10r2020-06-25w2020-06-25y1ZNo se presta c41679d41679